A gazdag szegények regény 1.

Bibliographic Details
Main Author: Jókai, Mór, 1825-1904 (Author)
Format: Book
Language:Hungarian
PhysicalDescription:186 s. 15 cm
Published: Budapest Szépirodalmi Könyvkiadó 1963
Series:Olcsó könyvtár
Subjects:

MARC

LEADER 00000cam a2200000 a 4500
001 vtls001175352
003 SK-MaSNL
005 20260301194527.0
008 240226s1963 hu 000 f hun
035 |a SNK000118348 
035 |a urn:nbn:sk:snk-am3hogw 
035 |a 136DC6A2-C727-42AD-8F1B-EFE511B3318A 
035 |a urn:nbn:sk:snk-am00cv6o 
040 |a SNK  |b slo  |c SNK  |e AACR2 
041 0 |a hun 
044 |a hu  |c HU 
072 7 |a 821.511.1  |x Ugrofínske literatúry  |2 konspekt 
080 |a 821.511.141-31  |2 2011 
100 1 |a Jókai, Mór,  |d 1825-1904  |4 aut  |9 92996 
245 1 0 |a A gazdag szegények  |b regény  |n 1.  |c Jókai Mór 
260 |a Budapest  |b Szépirodalmi Könyvkiadó  |c 1963  |e Budapest  |f Athenaeum 
300 |a 186 s.  |c 15 cm 
490 1 |a Olcsó könyvtár 
655 7 |a maďarské romány  |2 SNKPH  |9 70321 
655 7 |a Hungarian fiction  |2 SNKPHeng  |9 277893 
752 |a Maďarsko  |d Budapešť 
830 0 |a Olcsó könyvtár  |9 307605 
852 |a Slovenská národná knižnica 
954 |a beletria cudzojazyčná (svetová)  |2 lita 
958 |a EUIPO 
958 |a OND 
958 |a HU 
958 |a LX 
999 |c 882213  |d 884143 
952 |t P60, <03>, [BOOK], {603}  |a SNK  |b SNK  |y PREZ  |7 0  |p 17A0261003  |o snkSE 9928/1  |i snkK 977/2000  |0 0  |1 0  |4 0  |d 2000-12-05  |f 1  |l 0  |r 2005-01-01 00:00:00  |w 2026-02-24